01369nam a22003497a 4500003000500000005001700005008004100022010001000063011001000073035001000083040000900093090001000102100004700112245007600159260003800235300002200273502005300295590003700348590004100385590004100426590004100467590004200508650005700550650004100607901000700648942000900655949003600664949004800700999001700748952012600765952012800891CHAP20220329140419.0971013s1965 r 00010 d a51643 a52615 a56765 cCHAP aTesis00aTrejo Alvarado, Mariano Francisco.9114741 aPlaneación del Distrito de Riego del Valle de Temascalcingo, México aMéxico, D.F. :bEl autor,c1965 a92 h.b: apénd. aTesis (Ing. Civil) -- UNAM. Fac. de Ingeniería aALEPHb10c20130110lUCH01h1327 aBATCH-UPDb10c20130110lUCH01h0545 aBATCH-UPDb10c20130410lUCH01h0226 aBATCH-UPDb10c20130914lUCH01h1208 aCONVERSIONb10c20130109lUCH01h132814aDistrito de Riego del Valle de Temascalcingo.93288314aIrrigaciónxMéxico (Edo.)960434 aBK cFOLL bBCcTESd-123861eTS1i56765si bBCcTESd-123862eTS2fc.2h19539i56765si c51643d51643 00102local4053708TESISaBCbBCcPA_TESISd2012-12-17fTESISl0p-123862r2019-12-31 00:00:00tc.2w2019-12-31yTESIS 00102local4051708TESISaBCbBCcPA_TESISd2019-12-31fTESISl0oTesisp-123861r2019-12-31 00:00:00w2019-12-31yTESIS